Tàng pây kết chụ Đường đi kết bạn tình

Spremljeno u:
Bibliografski detalji
Glavni autor: Hoàng Tương Lai
Format: Knjiga
Jezik:Vietnamese
Izdano: H. Văn hóa dân tộc 2016
Teme:
Oznake: Dodaj oznaku
Bez oznaka, Budi prvi tko označuje ovaj zapis!
Thư viện lưu trữ: Mạng thư viện Đại học Đà Nẵng
LEADER 01277nam a2200361 4500
001 000024778
003 21267
005 20170223090227.0
008 170214s2016 viesd
041 0 |a vie 
082 1 4 |a 395.2209597157  |b HO-L 
100 1 |a Hoàng Tương Lai 
245 1 0 |a Tàng pây kết chụ  |b Đường đi kết bạn tình  |c Hoàng Tương Lai 
260 |a H.  |b Văn hóa dân tộc  |c 2016 
300 |a 294 tr.  |c 21 cm. 
500 |a ĐTTS ghi: Hội Văn nghệ dân gian Việt Nam 
650 0 4 |a Cưới hỏi  |x Người Tày  |z Việt Nam (Yên Bái) 
650 0 4 |a Phong tục tập quán  |x Cưới hỏi  |z Việt Nam (Yên Bái) 
653 |a Dân tộc Tày 
653 |a Văn học dân gian 
653 |a Yên Bái 
653 |a Hát đối 
653 |a Sách song ngữ 
OWN |a LSP 
AVA |a UDN50  |b LSP  |d 395.2209597157 HO-L  |e available  |t Error 5001 Not defined in file expand_doc_bib_avail.  |f 1  |g 0  |h N  |i 0  |k 1 
999 |a From the UDN01 
AVA |a UDN50  |b LSP  |d 395.2209597157 HO-L  |e available  |t Error 5001 Not defined in file expand_doc_bib_avail.  |f 1  |g 0  |h N  |i 0  |k 1 
TYP |a Monograph 
TYP |a Printed language 
980 |a Mạng thư viện Đại học Đà Nẵng